Nimeä luku - Statistics

Yleistilastot
  • Tätä visaa on pelattu 31 kertaa
  • Keskiarvotulos 4 / 11
Vastaustilastot
Hint Vastaus % Oikein
1 000 000 Miljoona
100%
1 000 000 000 000 Biljoona
91%
1 000 000 000 Miljardi
87%
1 000 000 000 000 000 000 Triljoona
57%
10^24 Kvadriljoona
13%
10^30 Kvintiljoona
13%
10^54 Noviljoona
13%
10^48 Oktiljoona
13%
10^36 Sekstiljoona
13%
10^42 Septiljoona
13%
10^60 Dekiljoona
9%
Ehtoja vastaavia visoja ei löytynyt
Tulosjakauma
Jokaisen tuloksen saaneiden osuus
Persentiili vastausten määrän mukaan
Tuloshistoriasi
Et ole pelannut tätä visaa